Overwatch Ultimates Names by Hero - Statistics

General Stats
  • This quiz has been taken 451 times
    16 since last reset
  • The average score is 42 of 51
Answer Stats
Ultimate Hero % Correct
Rally Brigitte
100%
Duplicate Echo
100%
Sound Barrier Lúcio
100%
Barrage Pharah
100%
Whole Hog Roadhog
100%
Pulse Bomb Tracer
100%
Nano Boost Ana
91%
Configuration: Artillery Bastion
91%
Meteor Strike Doomfist
91%
Self-Destruct / Call Mech D.Va
91%
Dragonblade Genji
91%
Dragonstrike Hanzo
91%
RIP-Tire Junkrat
91%
Kitsune Rush Kiriko
91%
Tree of Life Lifeweaver
91%
Blizzard Mei
91%
Earthshatter Reinhardt
91%
Gravitic Flux Sigma
91%
EMP Sombra
91%
Photon Barrier Symmetra
91%
Infra-Sight Widowmaker
91%
Primal Rage Winston
91%
Minefield Wrecking Ball
91%
Graviton Surge Zarya
91%
Transcendence Zenyatta
91%
B.O.B. Ashe
82%
Deadeye Cassidy
82%
Bola Shot Freja
82%
Captive Sun Illari
82%
Catnapper Jetpack Cat
82%
Orbital Ray Juno
82%
Valkyrie Mercy
82%
Coalescence Moira
82%
Death Blossom Reaper
82%
Tactical Visor Soldier: 76
82%
Molten Core Torbjörn
82%
Vermillion Ascent / Vermillion Revival Anran
73%
Amplification Matrix Baptiste
73%
Override Protocol Emre
73%
Rampage Junker Queen
73%
Cage Fight Mauga
73%
Sundering Blade Vendetta
73%
Tectonic Shock Venture
73%
Downpour Hazard
64%
Kekkai Sanctuary Mizuki
64%
Terra Surge Orisa
64%
Annihilation Ramattra
64%
Tidal Blast Wuyang
64%
Panopticon Domina
55%
Overclock Sojourn
55%
Trailblazer Sierra
45%
No matching quizzes found
Score Distribution
Percent of People with Each Score
Percentile by Number Answered
Your Score History
You have not taken this quiz since the last reset